| 000 | 00432nam a2200157Ia 4500 | ||
|---|---|---|---|
| 008 | 191206s9999 xx 000 0 und d | ||
| 020 | _a9781337556316 | ||
| 100 | _aWhitney, Ellie | ||
| 245 |
_cEllie Whitney _aUnderstanding nutrition/ |
||
| 250 | _a15th ed. | ||
| 260 |
_aUSA: _bCENGAGE Learning _c2019 |
||
| 300 |
_axix, 665 p. ; _bcol. ill. : _c28 cm. |
||
| 500 | _aIncludes index | ||
| 650 | _aMetabolism | ||
| 650 | _aNutrition | ||
| 999 |
_c362836 _d362836 |
||